Statistics for U.S. Cities With Large Population Increase

Click here to take the quiz!

General Stats

  • This quiz has been taken 36 times
  • The average score is 5 of 12

Answer Stats

IncreaseCity% Correct
+14.7%Dallas
92%
+15.9%Houston
88%
+22.5%Austin
84%
+14.9%San Antonio
80%
+17.3%Orlando
68%
+17.4%Raleigh
52%
+14.9%Boise
20%
+16.2%Charleston
20%
+14.7%Bismarck
16%
+15.5%Fayetteville
4%
+22.6%Myrtle Beach
4%
+14.6%Odessa
0%

Score Distribution

Percentile by Number Answered

Percent of People with Each Score

Your Score History

You have not taken this quiz